Approaches and methods in language teaching (Registro nro. 22129)

Detalles MARC
000 -Cabecera
Campo de control interno 00829nam a22002537a 4500
005 - Fecha y hora del registro
control field 20260327123933.0
008 - Elementos de Longitud Fija
fixed length control field 260325b |||||||| |||| 00| 0 spa d
020 ## - ISBN
ISBN 9781107675964
041 ## - Idioma
Codigo Idioma Inglés
082 ## - DEWEY y NOTACIÓN INTERNA
Dewey 421.071
Notación Interna R54
100 ## - AUTOR
Autor denominación Richards, Jack C.
Término de relación autor
245 ## - TÍTULO DE MATERIAL BIBLIOGRÁFICO
Título Approaches and methods in language teaching
250 ## - EDICIÓN
Edición Third Edition
260 ## - CIUDAD, EDITORIAL, AÑO
Ciudad Cambridge :
Nombre de la Editorial Cambridge University Press,
Año 2016
300 ## - DESCRIPCIÓN
N° Páginas ix, 409 páginas :
Otros detalles tablas ;
Dimensiones 25 cm.
440 ## - MENCIÓN DE SERIE
Título de la Serie ;
650 ## - TEMAS
Temas Lenguas
653 ## - DESCRIPTORES
Lenguajes no controlado Inglés - Estudio y enseñanza; Inglés - Métodos - Enseñanza
654 ## - PROGRAMAS
Programa Todos los programas
700 ## - OTROS AUTORES
Otros autores Rodgers, Theodore
Títulos y otras palabras asociadas con el nombre autor
856 ## - URL - UBICACIÓN
URI/URL: Enlace exacto del recurso <a href="https://itmsp.museknowledge.com/UCSP?groupID=2&action=source&sourceID=GaleIFME_IP">https://itmsp.museknowledge.com/UCSP?groupID=2&action=source&sourceID=GaleIFME_IP</a>
Nota pública: Versión digital <a href="Véase además: Base de datos Gale">Véase además: Base de datos Gale</a>
942 ## - ELEMENTOS DE KOHA
Tipo de documento Libro
Nombre del creador Justo Noguera
Código de catalogador Tania Ramirez
Suppress in OPAC No
Esquema de clasificación Dewey Decimal Classification
Existencias
Codigo completo Registro Colección Copia número Disponibilidad Tipo de préstamo Biblioteca Actual Procedencia (Biblioteca) Ubicacón Fecha Ingreso Tipo de Adquisición Observación Date last seen Total checkouts Price effective from Tipo de Item Estado del Material Fuente de Clasificación Damaged status Withdrawn status
421.071 R54 1088219 Universidad Católica San Pablo 1 No disponible Restringido Víctor Andrés Belaunde Víctor Andrés Belaunde Idiomas - Salaverry 25/03/2026 Compra Centro de Idiomas 25/03/2026   25/03/2026 Libro Bueno Dewey Decimal Classification   Withdrawn